00328nam a2200133Ia 4500008004100000020001300041041001200054082001600066100001700082245004200099260003100141300000800172650001400180221030s9999 xx 000 0 und d a33905105 aEnglish a105.23bKap aK. L. Kapoor 0aElements of Physical Chemistry Part I bMacmillanaNew Delhic1986 a248 aChemistry